|
|
|
|
| LEADER |
00000nam a2200000 a 4500 |
| 001 |
vtls001332971 |
| 003 |
SK-MaSNL |
| 005 |
20260301160254.0 |
| 008 |
240509s1989 xr 0 cze |
| 035 |
|
|
|a SNK000285884
|
| 040 |
|
|
|a SNK
|b slo
|c SNK
|e AACR2
|
| 041 |
0 |
|
|a cze
|
| 044 |
|
|
|a xr
|c CZ
|
| 080 |
|
|
|a 621.37/39.049.77(075.8)
|2 1981
|
| 100 |
1 |
|
|a Uhlíř, Ivan
|4 aut
|9 459422
|
| 245 |
1 |
0 |
|a Mikroelektronika
|b pro stud. fak. strojní
|c Ivan Uhlíř, Jan Chyský
|
| 260 |
|
|
|a Praha
|b ČVUT
|c 1989
|
| 300 |
|
|
|a 147, [3] s.
|c 4°
|
| 500 |
|
|
|a Dotisk
|
| 650 |
0 |
7 |
|a mikroelektronika
|2 SNK
|9 30923
|
| 655 |
|
7 |
|a Textbooks (higher)
|2 SNKPHeng
|9 276436
|
| 655 |
|
7 |
|a učebnice vysokých škôl
|2 SNKPH
|9 70191
|
| 700 |
1 |
|
|a Chyský, Jan
|4 aut
|9 521602
|
| 958 |
|
|
|a RK
|
| 958 |
|
|
|a OND
|
| 999 |
|
|
|c 804752
|d 806682
|
| 952 |
|
|
|t P60, <04>, [BOOK], {604}
|a SNK
|b SNK
|y VYP
|7 0
|o snkIB 63380
|i snkKIP 249/90
|0 0
|1 0
|4 0
|d 1998-06-02
|l 0
|r 2005-01-02 00:00:00
|w 2026-02-24
|
| 952 |
|
|
|t P60, <04>, [BOOK], {604}
|a SNK
|b SNK
|y VYP
|7 0
|o snkIB 63380 D1
|i snkKIP 250/90
|0 0
|1 0
|4 0
|d 1998-06-02
|l 0
|r 2005-01-02 00:00:00
|w 2026-02-24
|